[Event "Senta op 23rd"]
[Site "Senta"]
[Date "2019.07.23"]
[Round "6"]
[White "Sirotanovic, Obrad"]
[Black "Wu, David Tai Wei"]
[Result "0-1"]
[WhiteElo "2194"]
[BlackElo "1960"]
[PlyCount "72"]
[EventDate "2019.07.19"]
[EventType "swiss"]
[EventRounds "9"]
[EventCountry "SRB"]
[SourceTitle "EXT 2020"]
[Source "ChessBase"]
[SourceDate "2019.10.17"]
[SourceVersion "1"]
[SourceVersionDate "2019.10.17"]
[SourceQuality "1"]

1. d4 Nf6 2. c4 e6 3. Nc3 Bb4 4. Bd2 b6 5. f3 c5 6. Nb5 Bxd2+ 7. Qxd2 0-0 8. dxc5 bxc5 9. Nd6 Nc6 10. e3 Ba6 11. b3 Ne8 12. Nxe8 Rxe8 13. Rc1 Qh4+ 14. g3 Qe7 15. Nh3 Rad8 16. Qb2 d5 17. Nf4 d4 18. e4 Ne5 19. Kf2 Qf6 20. h4 Nxf3 21. Kxf3 e5 22. Bd3 exf4 23. gxf4 Bb7 24. Rce1 Qg6 25. h5 Qe6 26. Kg3 f5 27. exf5 Qxe1+ 28. Rxe1 Rxe1 29. Kf2 Re3 30. Be2 Rde8 31. Bg4 R8e4 32. Bd1 Rxf4+ 33. Kg1 Rg3+ 34. Kh2 Rg2+ 35. Qxg2 Bxg2 36. Kxg2 Rxf5 0-1

[Event "Senta op 23rd"]
[Site "Senta"]
[Date "2019.07.19"]
[Round "1"]
[White "Wu, David Tai Wei"]
[Black "Nagy, Attila N"]
[Result "0-1"]
[WhiteElo "1960"]
[BlackElo "2262"]
[PlyCount "108"]
[EventDate "2019.07.19"]
[EventType "swiss"]
[EventRounds "9"]
[EventCountry "SRB"]
[SourceTitle "EXT 2020"]
[Source "ChessBase"]
[SourceDate "2019.10.17"]
[SourceVersion "1"]
[SourceVersionDate "2019.10.17"]
[SourceQuality "1"]

1. d4 Nf6 2. c4 g6 3. Nc3 d5 4. cxd5 Nxd5 5. e4 Nxc3 6. bxc3 Bg7 7. Bc4 c5 8. Ne2 0-0 9. 0-0 Nc6 10. Be3 Bd7 11. f4 Rc8 12. d5 Na5 13. Bd3 e6 14. Qd2 exd5 15. exd5 Re8 16. Rae1 b5 17. f5 Nc4 18. Bxc4 bxc4 19. Ng3 Ba4 20. Bg5 f6 21. Bh6 Qd7 22. Bxg7 Kxg7 23. fxg6 hxg6 24. Qf4 f5 25. Qg5 Kh7 26. h4 Qd8 27. Qf4 Qxd5 28. h5 Bc6 29. hxg6+ Kxg6 30. Qf2 Rxe1 31. Rxe1 Re8 32. Rf1 Rf8 33. Ne2 f4 34. Re1 Qxg2+ 35. Qxg2+ Bxg2 36. Nxf4+ Rxf4 37. Kxg2 Kf6 38. Re8 Rf5 39. Rf8+ Ke5 40. Rxf5+ Kxf5 41. Kf3 Ke5 42. Ke3 a6 43. a3 Kf5 44. Kf3 Ke5 45. Ke3 Kd5 46. Kf4 Kc6 47. Ke5 Kb5 48. Kd5 a5 49. Kd6 Ka4 50. Kxc5 Kb3 51. Kb5 a4 52. Kc5 Kxc3 53. Kb5 Kb3 54. Kc5 c3 0-1

[Event "Paracin Summer op-A 12th"]
[Site "Paracin"]
[Date "2019.07.08"]
[Round "4"]
[White "Wu, David Tai Wei"]
[Black "Zavgorodniaya, Alena"]
[Result "1/2-1/2"]
[WhiteElo "1960"]
[BlackElo "2128"]
[PlyCount "51"]
[EventDate "2019.07.05"]
[EventType "swiss"]
[EventRounds "9"]
[EventCountry "SRB"]
[SourceTitle "CBM 191 Extra"]
[Source "ChessBase"]
[SourceDate "2019.09.30"]
[SourceVersion "1"]
[SourceVersionDate "2019.09.30"]
[SourceQuality "1"]

1. d4 d5 2. c4 c6 3. Nf3 Nf6 4. Nc3 e6 5. Bg5 h6 6. Bh4 dxc4 7. e4 g5 8. Bg3 b5 9. h4 g4 10. Ne5 Rg8 11. Be2 h5 12. a3 Bb7 13. 0-0 Nbd7 14. b3 Nxe5 15. dxe5 Qxd1 16. Rfxd1 Nd7 17. bxc4 a6 18. Ra2 Bg7 19. cxb5 axb5 20. Nxb5 cxb5 21. Bxb5 Bc8 22. Rc2 Ke7 23. Rxc8 Rgxc8 24. Rxd7+ Kf8 25. a4 Rc1+ 26. Kh2 1/2-1/2

[Event "Nis op"]
[Site "Nis"]
[Date "2019.07.04"]
[Round "9"]
[White "Wu, David Tai Wei"]
[Black "Mitrovic, Darko R"]
[Result "1/2-1/2"]
[WhiteElo "1800"]
[BlackElo "2186"]
[PlyCount "20"]
[EventDate "2019.06.25"]
[EventType "swiss"]
[EventRounds "9"]
[EventCountry "SRB"]
[SourceTitle "EXT 2020"]
[Source "ChessBase"]
[SourceDate "2019.10.17"]
[SourceVersion "1"]
[SourceVersionDate "2019.10.17"]
[SourceQuality "1"]

1. d4 Nf6 2. c4 g6 3. Nc3 d6 4. e4 Bg7 5. f4 0-0 6. Nf3 c5 7. d5 e6 8. Bd3 Re8 9. dxe6 Bxe6 10. 0-0 Nc6 1/2-1/2

[Event "Veliko Gradiste Silver Lake op"]
[Site "Veliko Gradiste"]
[Date "2019.06.17"]
[Round "2"]
[White "Wu, David Tai Wei"]
[Black "Ernst, Sipke"]
[Result "0-1"]
[WhiteElo "1800"]
[BlackElo "2541"]
[PlyCount "138"]
[EventDate "2019.06.16"]
[EventType "swiss"]
[EventRounds "9"]
[EventCountry "SRB"]
[SourceTitle "CBM 191 Extra"]
[Source "ChessBase"]
[SourceDate "2019.09.30"]
[SourceVersion "1"]
[SourceVersionDate "2019.09.30"]
[SourceQuality "1"]

1. d4 g6 2. c4 Bg7 3. Nc3 c5 4. d5 Bxc3+ 5. bxc3 f5 6. Nf3 Nf6 7. Bh6 Rg8 8. e3 Qa5 9. Qc2 d6 10. Bd3 Nbd7 11. 0-0 Nb6 12. Nd2 Qa4 13. h4 Bd7 14. f3 e5 15. Bg5 Rf8 16. Rab1 Qxc2 17. Bxc2 Ng8 18. h5 h6 19. Bh4 g5 20. Bf2 Nf6 21. a4 Rb8 22. a5 Nc8 23. Bd1 f4 24. exf4 gxf4 25. Bc2 Ne7 26. Ne4 Nxe4 27. Bxe4 Nf5 28. Rb2 Kd8 29. Rfb1 Kc7 30. Kh2 Rg8 31. Rh1 Rg5 32. Kg1 Rbg8 33. Rh2 Be8 34. Kf1 Ng3+ 35. Bxg3 fxg3 36. Rh4 Rxh5 37. Rxh5 Bxh5 38. Ke2 Rf8 39. Rb1 Rf4 40. Ke3 Be8 41. Rh1 h5 42. Kd2 h4 43. Ke3 Bd7 44. Ke2 Bc8 45. Ke3 b6 46. axb6+ Kxb6 47. Rb1+ Kc7 48. Rh1 a6 49. Bd3 Bd7 50. Ra1 Kb6 51. Rb1+ Ka7 52. Ra1 Bf5 53. Ra2 Bxd3 54. Kxd3 h3 55. gxh3 Rxf3+ 56. Ke4 Rf4+ 57. Kd3 Rh4 58. Rg2 Rxh3 59. Ke4 Kb6 60. Kf5 Kc7 61. Rg1 a5 62. Rg2 a4 63. Rg1 a3 64. Rg2 Rh1 65. Kg4 Rh8 66. Kf3 Rf8+ 67. Ke3 Rg8 68. Kf3 e4+ 69. Kxe4 a2 0-1

[Event "Tianjin Binhai Cup 1st"]
[Site "Tianjin"]
[Date "2019.01.01"]
[Round "8"]
[White "Wu, David Tai Wei"]
[Black "Jiang, Qinyu"]
[Result "0-1"]
[WhiteElo "1630"]
[BlackElo "2037"]
[PlyCount "50"]
[EventDate "2018.12.25"]
[EventType "swiss"]
[EventRounds "9"]
[EventCountry "CHN"]
[SourceTitle "CBM 188 Extra"]
[Source "ChessBase"]
[SourceDate "2019.02.26"]
[SourceVersion "1"]
[SourceVersionDate "2019.02.26"]
[SourceQuality "1"]

1. d4 Nf6 2. c4 e6 3. Nf3 b6 4. g3 Ba6 5. b3 Bb4+ 6. Bd2 Be7 7. Bc3 0-0 8. Bg2 c6 9. 0-0 d5 10. Ne5 Nfd7 11. Nxd7 Nxd7 12. Nd2 Rc8 13. e4 c5 14. exd5 exd5 15. dxc5 dxc4 16. c6 cxb3 17. Re1 b2 18. Bxb2 Nc5 19. Qg4 Bf6 20. Ba3 Qxd2 21. Rad1 Qc3 22. Bxc5 Qxc5 23. Rc1 Qa5 24. Rc2 Qxe1+ 25. Bf1 Qxf1# 0-1

[Event "Tianjin Binhai Cup 1st"]
[Site "Tianjin"]
[Date "2018.12.31"]
[Round "7"]
[White "Sun, Jihan"]
[Black "Wu, David Tai Wei"]
[Result "0-1"]
[WhiteElo "1518"]
[BlackElo "1630"]
[PlyCount "110"]
[EventDate "2018.12.25"]
[EventType "swiss"]
[EventRounds "9"]
[EventCountry "CHN"]
[SourceTitle "CBM 188 Extra"]
[Source "ChessBase"]
[SourceDate "2019.02.26"]
[SourceVersion "1"]
[SourceVersionDate "2019.02.26"]
[SourceQuality "1"]

1. e4 e5 2. Nf3 Nc6 3. Bc4 Bc5 4. c3 Nf6 5. d4 exd4 6. cxd4 Bb4+ 7. Bd2 Nxe4 8. Bxb4 Nxb4 9. Bxf7+ Kxf7 10. Qb3+ d5 11. Ne5+ Ke6 12. Qxb4 Qf8 13. Qxf8 Rxf8 14. 0-0 c5 15. Nf3 c4 16. Nc3 Nxc3 17. bxc3 Kd6 18. Rab1 b6 19. Rfe1 Bf5 20. Rb2 Rfe8 21. Ne5 Re7 22. f3 Rae8 23. Kf2 h5 24. Rbe2 Kc7 25. h3 h4 26. Re3 Re6 27. R1e2 b5 28. a3 a5 29. Rb2 Rb8 30. Ke2 Rb7 31. Ng4 Bxg4 32. hxg4 Rxe3+ 33. Kxe3 Kc6 34. Kd2 g5 35. Rb1 Rb8 36. Kc2 Re8 37. Kd2 Rb8 38. Kc2 Rf8 39. Rh1 Re8 40. Kd2 b4 41. axb4 axb4 42. cxb4 Kb5 43. Rb1 Ra8 44. Rb2 Ra3 45. Kc2 Rd3 46. Rb1 Rxd4 47. Kc3 Rd3+ 48. Kc2 Re3 49. Rd1 Kxb4 50. Rxd5 Re2+ 51. Rd2 Rxd2+ 52. Kxd2 Kb3 53. f4 Kb2 54. fxg5 c3+ 55. Ke3 c2 0-1

[Event "Tianjin Binhai Cup 1st"]
[Site "Tianjin"]
[Date "2018.12.29"]
[Round "5"]
[White "Wu, David Tai Wei"]
[Black "Wang, Zijian"]
[Result "0-1"]
[WhiteElo "1630"]
[BlackElo "1839"]
[PlyCount "86"]
[EventDate "2018.12.25"]
[EventType "swiss"]
[EventRounds "9"]
[EventCountry "CHN"]
[SourceTitle "CBM 188 Extra"]
[Source "ChessBase"]
[SourceDate "2019.02.26"]
[SourceVersion "1"]
[SourceVersionDate "2019.02.26"]
[SourceQuality "1"]

1. d4 d5 2. c4 c6 3. Nc3 Nf6 4. Nf3 a6 5. c5 Bf5 6. Qb3 Ra7 7. Bd2 h6 8. Na4 Nbd7 9. e3 Ne4 10. Bd3 Nxd2 11. Nxd2 Bxd3 12. Qxd3 e5 13. 0-0-0 e4 14. Qe2 Qa5 15. Nc3 b6 16. cxb6 Nxb6 17. Kb1 Na4 18. Nxa4 Qxa4 19. Rc1 Bd6 20. Qd1 Qb5 21. Qb3 Kd7 22. Qxb5 cxb5 23. h3 Rc8 24. Nb3 Rac7 25. Rxc7+ Rxc7 26. Rc1 h5 27. a3 Rxc1+ 28. Kxc1 Kc6 29. Kd2 Kb6 30. g4 hxg4 31. hxg4 a5 32. Na1 a4 33. Nc2 Ka5 34. Ke2 b4 35. f3 b3 36. Ne1 Bxa3 37. fxe4 dxe4 38. d5 Bxb2 39. d6 Kb6 40. d7 Kc7 41. g5 a3 42. g6 fxg6 43. d8Q+ Kxd8 0-1

[Event "Tianjin Binhai Cup 1st"]
[Site "Tianjin"]
[Date "2018.12.25"]
[Round "1"]
[White "Huang, Renjie"]
[Black "Wu, David Tai Wei"]
[Result "1-0"]
[WhiteElo "2328"]
[BlackElo "1630"]
[PlyCount "87"]
[EventDate "2018.12.25"]
[EventType "swiss"]
[EventRounds "9"]
[EventCountry "CHN"]
[SourceTitle "CBM 188 Extra"]
[Source "ChessBase"]
[SourceDate "2019.02.26"]
[SourceVersion "1"]
[SourceVersionDate "2019.02.26"]
[SourceQuality "1"]

1. e4 e5 2. Nf3 Nc6 3. Bc4 Bc5 4. c3 Nf6 5. d3 d6 6. Nbd2 0-0 7. 0-0 a6 8. a4 Ba7 9. h3 h6 10. Re1 Ne7 11. d4 Ng6 12. Ba2 Re8 13. Qb3 Qe7 14. Nf1 Rb8 15. Ng3 Be6 16. Qc2 Bxa2 17. Rxa2 Qe6 18. Ra1 exd4 19. cxd4 c6 20. Be3 Qd7 21. Rad1 Qc7 22. b4 Rbc8 23. Bc1 a5 24. bxa5 Qxa5 25. Nf5 Rcd8 26. Bb2 d5 27. e5 Ne4 28. Nd2 Nxd2 29. Rxd2 Qc7 30. Rde2 Re6 31. Nd6 Rd7 32. Qf5 Nf8 33. Qd3 Bb8 34. f4 Rdxd6 35. exd6 Qxd6 36. Bc1 Rxe2 37. Rxe2 Qf6 38. Re8 Bxf4 39. Bxf4 Qxf4 40. Qe3 Qxe3+ 41. Rxe3 Ne6 42. Rb3 Nd8 43. a5 Kf8 44. Rxb7 1-0

[Event "Johor op 5th"]
[Site "Johor"]
[Date "2018.12.10"]
[Round "1"]
[White "Villanueva, Nelson"]
[Black "Wu, David Tai Wei"]
[Result "1-0"]
[WhiteElo "2082"]
[BlackElo "1630"]
[PlyCount "127"]
[EventDate "2018.12.10"]
[EventType "swiss"]
[EventRounds "9"]
[EventCountry "MAS"]
[SourceTitle "CBM 187 Extra"]
[Source "ChessBase"]
[SourceDate "2018.11.04"]
[SourceVersion "1"]
[SourceVersionDate "2018.11.04"]
[SourceQuality "1"]

1. d4 Nf6 2. Nf3 d5 3. c4 e6 4. g3 Be7 5. Bg2 0-0 6. 0-0 dxc4 7. Qc2 a6 8. a4 Bd7 9. Qxc4 Bc6 10. Bg5 Bd5 11. Qd3 Be4 12. Qe3 Nbd7 13. Nc3 Bg6 14. Bxf6 Nxf6 15. Ne5 c6 16. Nxg6 hxg6 17. Rfd1 Qa5 18. Qd3 Rfd8 19. e4 e5 20. d5 Qb6 21. a5 Qa7 22. Na4 cxd5 23. exd5 Rac8 24. Nb6 Rc7 25. Qe2 Bc5 26. d6 Bxd6 27. Rd2 Be7 28. Rxd8+ Bxd8 29. Rd1 Qb8 30. Qxe5 Rc8 31. Qxb8 Rxb8 32. Nd7 Nxd7 33. Rxd7 Bxa5 34. Bd5 Rd8 35. Bxf7+ Kf8 36. Rxb7 Rd6 37. Bc4 Rc6 38. b3 Rf6 39. Kg2 Bc3 40. f4 a5 41. h4 Rd6 42. Kf3 Rf6 43. Kg4 Rc6 44. Ra7 Rb6 45. Kf3 Rd6 46. Ke4 Rd4+ 47. Kf3 Rd6 48. Rc7 Bb2 49. Rc5 Bc3 50. g4 Ke7 51. Bb5 Bb4 52. Rc7+ Kf8 53. Bc4 Bc3 54. g5 Rb6 55. Bd5 Bb2 56. Rc5 Ra6 57. Bc4 Ra8 58. Rc6 a4 59. bxa4 Rxa4 60. Bd3 Ra3 61. Ke2 Bd4 62. Bxg6 Re3+ 63. Kd2 Rh3 64. Re6 1-0